000 00700nam a2200217 i 4500
001 101323
003 ES-MaACL
005 20250829062545.0
007 t|
008 051017s1960 sp ||||1| spa d
100 1 _aMaurois, André,
_d1885-1967
_979267
245 1 4 _aLas paradojas del Doctor O'Grady /
_cAndré Maurois, [seud.] de Emile Herzog; [versión castellana de Fabian Palasi y Rosa S. de Naveira].
260 _aBarcelona :
_bG.P.,
_c1960.
300 _a191 p. ;
_c18 cm.
490 1 _aLibros Plaza
700 1 _aPalasi, Fabian.
_9184602
700 1 _aNaveira, Rosa S. de.
_985223
830 0 _aLibros Plaza
_9181449
852 _aES-MaACL
_jC-17523
_bR.45669
999 _c101323
_d101323